[Event "DEM U16 2023"]
[Site "Willingen GER"]
[Date "2023.05.30"]
[Round "4"]
[White "Heinrich, John"]
[Black "Bashirov, Kemal"]
[Result "1-0"]
[Termination "normal"]
[Board "1"]
[WhiteElo "2150"]
[BlackElo "2197"]
[WhiteClock "00:04:41"]
[BlackClock "00:06:12"]
[PlyCount "71"]
[WhiteFideId "16259491"]
[BlackFideId "14183650"]
[EventCountry "GER"]
[EventRounds "9"]
[EventType "swiss"]
[EventDate "2023.05.27"]

1. e4 {[%clk 01:30:50]} {[%emt 00:00:08]} c5 {[%clk 01:30:53]} {[%emt
00:00:08]} 2. Nf3 {[%clk 01:31:10]} {[%emt 00:00:10]} d6 {[%clk 01:31:18]}
{[%emt 00:00:05]} 3. d4 {[%clk 01:30:37]} {[%emt 00:01:02]} cxd4 {[%clk
01:31:44]} {[%emt 00:00:05]} 4. Nxd4 {[%clk 01:31:02]} {[%emt 00:00:05]} Nf6
{[%clk 01:32:12]} {[%emt 00:00:02]} 5. Nc3 {[%clk 01:31:15]} {[%emt 00:00:16]}
a6 {[%clk 01:32:39]} {[%emt 00:00:03]} 6. a3 {[%clk 01:31:26]} {[%emt
00:00:18]} e5 {[%clk 01:31:43]} {[%emt 00:01:27]} 7. Nf3 {[%clk 01:31:41]}
{[%emt 00:00:14]} Be7 {[%clk 01:30:51]} {[%emt 00:01:23]} 8. Bg5 {[%clk
01:28:46]} {[%emt 00:03:24]} Nbd7 {[%clk 01:28:50]} {[%emt 00:02:31]} 9. Bc4
{[%clk 01:25:48]} {[%emt 00:03:28]} O-O {[%clk 01:26:35]} {[%emt 00:02:46]} 10.
Ba2 {[%clk 01:21:35]} {[%emt 00:04:42]} b5 {[%clk 01:19:29]} {[%emt 00:07:36]}
11. Qe2 {[%clk 01:16:21]} {[%emt 00:05:44]} Bb7 {[%clk 01:08:23]} {[%emt
00:11:37]} 12. Rd1 {[%clk 01:14:57]} {[%emt 00:01:53]} Qc7 {[%clk 01:00:33]}
{[%emt 00:08:20]} 13. Bxf6 {[%clk 01:11:39]} {[%emt 00:03:49]} Nxf6 {[%clk
00:59:55]} {[%emt 00:01:07]} 14. Nd5 {[%clk 01:11:16]} {[%emt 00:00:52]} Bxd5
{[%clk 00:47:53]} {[%emt 00:12:33]} 15. Bxd5 {[%clk 01:11:38]} {[%emt
00:00:08]} Rac8 {[%clk 00:48:18]} {[%emt 00:00:05]} 16. c3 {[%clk 01:09:25]}
{[%emt 00:02:43]} Nd7 {[%clk 00:47:53]} {[%emt 00:00:55]} 17. O-O {[%clk
01:00:32]} {[%emt 00:09:22]} Nb6 {[%clk 00:45:27]} {[%emt 00:02:57]} 18. g3
{[%clk 00:53:42]} {[%emt 00:07:19]} Na4 {[%clk 00:38:12]} {[%emt 00:07:45]} 19.
Ne1 {[%clk 00:41:44]} {[%emt 00:12:28]} g6 {[%clk 00:32:25]} {[%emt 00:06:17]}
20. f4 {[%clk 00:38:15]} {[%emt 00:03:59]} exf4 {[%clk 00:29:25]} {[%emt
00:03:30]} 21. gxf4 {[%clk 00:30:02]} {[%emt 00:08:43]} Bf6 {[%clk 00:27:57]}
{[%emt 00:01:58]} 22. Ng2 {[%clk 00:26:14]} {[%emt 00:04:17]} Rce8 {[%clk
00:20:23]} {[%emt 00:08:05]} 23. Ne3 {[%clk 00:24:01]} {[%emt 00:02:42]} Nb6
{[%clk 00:18:23]} {[%emt 00:02:30]} 24. Qd3 {[%clk 00:18:02]} {[%emt 00:06:28]}
Bg7 {[%clk 00:17:13]} {[%emt 00:01:41]} 25. Ba2 {[%clk 00:14:48]} {[%emt
00:03:44]} Qc5 {[%clk 00:15:46]} {[%emt 00:01:57]} 26. Kh1 {[%clk 00:13:28]}
{[%emt 00:01:50]} Qc6 {[%clk 00:14:18]} {[%emt 00:01:58]} 27. Nd5 {[%clk
00:13:36]} {[%emt 00:00:22]} Na4 {[%clk 00:13:39]} {[%emt 00:01:10]} 28. Qc2
{[%clk 00:08:46]} {[%emt 00:05:19]} Nc5 {[%clk 00:12:14]} {[%emt 00:01:55]} 29.
Rde1 {[%clk 00:08:53]} {[%emt 00:00:23]} Kh8 {[%clk 00:12:16]} {[%emt
00:00:28]} 30. f5 {[%clk 00:07:04]} {[%emt 00:02:19]} gxf5 {[%clk 00:11:39]}
{[%emt 00:01:08]} 31. Rxf5 {[%clk 00:06:00]} {[%emt 00:01:33]} Re5 {[%clk
00:11:15]} {[%emt 00:00:55]} 32. Ref1 {[%clk 00:05:14]} {[%emt 00:01:16]} Qe8
{[%clk 00:08:19]} {[%emt 00:03:27]} 33. b4 {[%clk 00:04:12]} {[%emt 00:01:32]}
Nxe4 {[%clk 00:06:24]} {[%emt 00:02:25]} 34. Bb1 {[%clk 00:04:19]} {[%emt
00:00:23]} Rxf5 {[%clk 00:05:58]} {[%emt 00:00:56]} 35. Rxf5 {[%clk 00:04:41]}
{[%emt 00:00:08]} Nxc3 {[%clk 00:06:12]} {[%emt 00:00:16]} 36. Re5 {[%clk
00:04:41]} {[%emt 00:00:30]} 1-0

[Event "DEM U16 2023"]
[Site "Willingen GER"]
[Date "2023.05.30"]
[Round "4"]
[White "Petrovskiy, Vadim"]
[Black "Lebzak, Jaroslav"]
[Result "1-0"]
[Termination "normal"]
[Board "2"]
[WhiteTitle "IM"]
[WhiteElo "2417"]
[BlackElo "2138"]
[WhiteClock "00:32:57"]
[BlackClock "00:28:12"]
[PlyCount "117"]
[WhiteFideId "14165210"]
[BlackFideId "44105851"]
[EventCountry "GER"]
[EventRounds "9"]
[EventType "swiss"]
[EventDate "2023.05.27"]

1. e4 {[%clk 01:30:58]} c5 {[%clk 01:30:56]} 2. Nf3 {[%clk 01:30:58]} Nc6 3.
Bb5 {[%clk 01:30:58]} e5 {[%clk 01:30:56]} 4. O-O {[%clk 01:30:58]} Bd6 {[%clk
01:30:56]} 5. c3 {[%clk 01:30:58]} a6 {[%clk 01:30:56]} 6. Ba4 {[%clk
01:30:58]} b5 {[%clk 01:30:56]} 7. Bb3 {[%clk 01:30:58]} c4 {[%clk 01:30:56]}
8. Bc2 {[%clk 01:30:58]} Nf6 {[%clk 01:30:56]} 9. d4 {[%clk 01:30:58]} cxd3
{[%clk 01:30:56]} 10. Qxd3 {[%clk 01:30:58]} Be7 {[%clk 01:30:56]} 11. Rd1
{[%clk 01:30:58]} O-O {[%clk 01:30:56]} 12. Bg5 {[%clk 01:30:58]} d6 {[%clk
01:05:00]} {[%emt 00:48:53]} 13. Bxf6 {[%clk 01:14:08]} Bxf6 {[%clk 01:05:21]}
{[%emt 00:05:37]} 14. Qxd6 {[%clk 01:13:47]} Qb6 {[%clk 01:05:21]} 15. Qd3
{[%clk 01:13:47]} Be6 {[%clk 01:05:21]} 16. Bb3 {[%clk 01:13:47]} Rad8 {[%clk
01:05:21]} 17. Qe2 {[%clk 01:13:47]} Bg4 {[%clk 01:05:21]} 18. Nbd2 {[%clk
01:13:47]} b4 {[%clk 01:05:21]} 19. Nc4 {[%clk 01:13:47]} Qc5 {[%clk 01:05:21]}
20. h3 {[%clk 01:13:47]} Bh5 {[%clk 01:05:21]} 21. Rxd8 {[%clk 01:13:47]} Rxd8
{[%clk 01:05:21]} 22. Rd1 {[%clk 01:13:47]} bxc3 {[%clk 01:05:21]} 23. bxc3
{[%clk 01:13:47]} a5 {[%clk 01:05:21]} 24. Rxd8+ {[%clk 01:13:47]} Nxd8 {[%clk
01:05:21]} 25. g4 {[%clk 01:13:47]} Bg6 {[%clk 01:05:21]} 26. h4 {[%clk
01:13:47]} a4 {[%clk 01:05:21]} 27. Bxa4 {[%clk 01:13:47]} Ne6 {[%clk
01:05:21]} 28. Bb3 {[%clk 01:13:47]} Nf4 {[%clk 01:05:21]} 29. Qe3 {[%clk
01:13:47]} Qxe3 {[%clk 01:05:21]} 30. fxe3 {[%clk 01:13:47]} Ne2+ {[%clk
01:05:21]} 31. Kf1 {[%clk 01:13:47]} Nxc3 {[%clk 01:05:21]} 32. Ncxe5 {[%clk
01:13:47]} Bxe4 {[%clk 01:05:21]} 33. Bxf7+ {[%clk 01:13:47]} Kf8 {[%clk
01:05:21]} 34. Bb3 {[%clk 01:13:47]} Ke8 {[%clk 01:05:21]} 35. Kf2 {[%clk
01:13:47]} Kd8 {[%clk 01:05:21]} 36. g5 {[%clk 01:13:47]} Be7 {[%clk 01:05:21]}
37. Nd4 {[%clk 01:13:47]} Kc8 {[%clk 01:05:21]} 38. Ne6 {[%clk 01:13:47]} h6
{[%clk 01:05:21]} 39. Nf7 {[%clk 01:13:47]} hxg5 {[%clk 01:05:21]} 40. Nfxg5
{[%clk 01:13:47]} Bb1 {[%clk 01:05:21]} 41. Nxg7 {[%clk 01:13:47]} Nxa2 {[%clk
01:05:21]} 42. Be6+ {[%clk 01:13:47]} Kc7 {[%clk 01:05:21]} 43. Bf5 {[%clk
01:13:47]} Bxf5 {[%clk 01:05:21]} 44. Nxf5 {[%clk 01:13:47]} Bf6 {[%clk
01:05:21]} 45. Kf3 {[%clk 01:13:47]} Nc3 {[%clk 01:05:21]} 46. Ne4 {[%clk
01:13:47]} Nxe4 {[%clk 01:05:21]} 47. Kxe4 {[%clk 01:13:47]} Kd7 {[%clk
01:05:21]} 48. Kd5 {[%clk 01:13:47]} Ke8 {[%clk 01:05:21]} 49. Ke6 {[%clk
01:13:47]} Bd8 {[%clk 01:05:21]} 50. e4 {[%clk 01:13:47]} Kf8 {[%clk 01:05:21]}
51. e5 {[%clk 01:13:47]} Ke8 {[%clk 01:05:21]} 52. h5 {[%clk 01:13:47]} Kf8
{[%clk 01:05:21]} 53. Kd7 {[%clk 01:13:47]} Bg5 {[%clk 01:05:21]} 54. e6 {[%clk
01:13:47]} Kg8 {[%clk 01:05:21]} 55. e7 {[%clk 01:13:47]} Bxe7 {[%clk
01:05:21]} 56. Kxe7 {[%clk 01:13:47]} Kh7 {[%clk 01:05:21]} 57. Kf8 {[%clk
01:13:47]} Kg8+ {[%clk 00:27:50]} {[%emt 03:01:32]} 58. Ke7 {[%clk 00:32:34]}
{[%emt 00:00:02]} Kh7 {[%clk 00:28:12]} {[%emt 00:00:08]} 59. Kf7 {[%clk
00:32:57]} {[%emt 00:00:07]} 1-0

[Event "DEM U16 2023"]
[Site "Willingen GER"]
[Date "2023.05.30"]
[Round "4"]
[White "Honisch, Alexander"]
[Black "von Mettenheim, Johannes"]
[Result "0-1"]
[Termination "normal"]
[Board "3"]
[WhiteElo "2057"]
[BlackElo "2329"]
[WhiteClock "00:06:02"]
[BlackClock "01:02:40"]
[PlyCount "84"]
[WhiteFideId "16298594"]
[BlackFideId "16244818"]
[EventCountry "GER"]
[EventRounds "9"]
[EventType "swiss"]
[EventDate "2023.05.27"]

1. e4 {[%clk 01:30:32]} {[%emt 00:00:26]} c6 {[%clk 01:30:48]} {[%emt
00:00:13]} 2. Nc3 {[%clk 01:30:19]} {[%emt 00:00:43]} d5 {[%clk 01:31:11]}
{[%emt 00:00:06]} 3. Nf3 {[%clk 01:30:18]} {[%emt 00:00:32]} Bg4 {[%clk
01:29:06]} {[%emt 00:02:34]} 4. h3 {[%clk 01:29:37]} {[%emt 00:01:12]} Bh5
{[%clk 01:29:23]} {[%emt 00:00:13]} 5. exd5 {[%clk 01:27:40]} {[%emt 00:02:27]}
cxd5 {[%clk 01:29:36]} {[%emt 00:00:17]} 6. g4 {[%clk 01:26:56]} {[%emt
00:01:14]} Bg6 {[%clk 01:30:00]} {[%emt 00:00:05]} 7. Ne5 {[%clk 01:26:36]}
{[%emt 00:00:50]} Nc6 {[%clk 01:30:21]} {[%emt 00:00:10]} 8. Bb5 {[%clk
01:25:51]} {[%emt 00:01:14]} Rc8 {[%clk 01:30:43]} {[%emt 00:00:08]} 9. d4
{[%clk 01:24:07]} {[%emt 00:02:14]} e6 {[%clk 01:31:05]} {[%emt 00:00:09]} 10.
Qe2 {[%clk 01:22:28]} {[%emt 00:02:08]} Bd6 {[%clk 01:31:28]} {[%emt 00:00:07]}
11. Nxg6 {[%clk 01:21:01]} {[%emt 00:01:57]} hxg6 {[%clk 01:31:53]} {[%emt
00:00:05]} 12. Nxd5 {[%clk 01:20:07]} {[%emt 00:01:24]} Nge7 {[%clk 01:32:18]}
{[%emt 00:00:05]} 13. Ne3 {[%clk 00:51:10]} {[%emt 00:29:27]} O-O {[%clk
01:21:54]} {[%emt 00:10:54]} 14. c3 {[%clk 00:45:30]} {[%emt 00:06:10]} Bf4
{[%clk 01:18:43]} {[%emt 00:03:40]} 15. Bxc6 {[%clk 00:35:14]} {[%emt
00:10:46]} Rxc6 {[%clk 01:14:40]} {[%emt 00:04:35]} 16. Bd2 {[%clk 00:30:00]}
{[%emt 00:05:43]} Qb6 {[%clk 01:12:43]} {[%emt 00:02:27]} 17. b3 {[%clk
00:21:52]} {[%emt 00:08:38]} Qa5 {[%clk 00:57:36]} {[%emt 00:15:37]} 18. Qf3
{[%clk 00:16:43]} {[%emt 00:05:39]} Qc7 {[%clk 00:53:53]} {[%emt 00:04:12]} 19.
O-O {[%clk 00:12:27]} {[%emt 00:04:47]} Rd8 {[%clk 00:52:44]} {[%emt 00:01:39]}
20. Rad1 {[%clk 00:10:01]} {[%emt 00:02:56]} g5 {[%clk 00:51:12]} {[%emt
00:02:02]} 21. Qe4 {[%clk 00:04:51]} {[%emt 00:05:40]} b5 {[%clk 00:47:59]}
{[%emt 00:03:43]} 22. Kh1 {[%clk 00:03:18]} {[%emt 00:02:02]} Nd5 {[%clk
00:44:02]} {[%emt 00:04:27]} 23. c4 {[%clk 00:00:41]} {[%emt 00:03:07]} Nf6
{[%clk 00:44:25]} {[%emt 00:00:07]} 24. Qd3 {[%clk 00:00:40]} {[%emt 00:00:31]}
Rcd6 {[%clk 00:44:15]} {[%emt 00:00:40]} 25. Bc3 {[%clk 00:00:38]} {[%emt
00:00:32]} Qc6+ {[%clk 00:40:52]} {[%emt 00:03:53]} 26. Kg1 {[%clk 00:00:34]}
{[%emt 00:00:33]} bxc4 {[%clk 00:40:49]} {[%emt 00:00:34]} 27. bxc4 {[%clk
00:00:52]} {[%emt 00:00:12]} Rc8 {[%clk 00:40:23]} {[%emt 00:00:56]} 28. Bb4
{[%clk 00:00:32]} {[%emt 00:00:51]} Rd7 {[%clk 00:39:56]} {[%emt 00:00:56]} 29.
d5 {[%clk 00:00:32]} {[%emt 00:00:30]} Qb7 {[%clk 00:39:07]} {[%emt 00:01:20]}
30. Bc3 {[%clk 00:00:32]} {[%emt 00:00:30]} Ne8 {[%clk 00:38:23]} {[%emt
00:01:14]} 31. Qe4 {[%clk 00:00:31]} {[%emt 00:00:31]} Nd6 {[%clk 00:38:29]}
{[%emt 00:00:24]} 32. Qd4 {[%clk 00:00:31]} {[%emt 00:00:29]} e5 {[%clk
00:38:52]} {[%emt 00:00:08]} 33. Qd3 {[%clk 00:00:39]} {[%emt 00:00:22]} Rdc7
{[%clk 00:38:04]} {[%emt 00:01:19]} 34. Nf5 {[%clk 00:00:32]} {[%emt 00:00:36]}
Nxf5 {[%clk 00:37:59]} {[%emt 00:00:35]} 35. Qxf5 {[%clk 00:00:57]} {[%emt
00:00:05]} e4 {[%clk 00:36:02]} {[%emt 00:02:27]} 36. d6 {[%clk 00:00:40]}
{[%emt 00:00:46]} Rc5 {[%clk 00:35:54]} {[%emt 00:00:39]} 37. d7 {[%clk
00:00:31]} {[%emt 00:00:40]} Rxf5 {[%clk 00:36:03]} {[%emt 00:00:20]} 38. d8=Q+
{[%clk 00:00:53]} {[%emt 00:00:07]} Rxd8 {[%clk 00:36:14]} {[%emt 00:00:20]}
39. Rxd8+ {[%clk 00:01:18]} {[%emt 00:00:05]} Kh7 {[%clk 00:36:41]} {[%emt
00:00:02]} 40. gxf5 {[%clk 00:01:36]} {[%emt 00:00:12]} e3 {[%clk 00:33:53]}
{[%emt 00:03:18]} 41. Re8 {[%clk 00:08:16]} {[%emt 00:23:50]} Qf3 {[%clk
01:02:40]} {[%emt 00:01:43]} 42. Bd4 {[%clk 00:06:02]} {[%emt 00:02:44]} Qxh3
{[%emt 00:01:04]} 0-1

[Event "DEM U16 2023"]
[Site "Willingen GER"]
[Date "2023.05.30"]
[Round "4"]
[White "Hecht, Jonas Christian"]
[Black "Foerster-Yialamas, Lucas"]
[Result "0-1"]
[Termination "normal"]
[Board "4"]
[BlackTitle "CM"]
[WhiteElo "1949"]
[BlackElo "2151"]
[WhiteClock "00:44:14"]
[BlackClock "00:47:22"]
[PlyCount "70"]
[WhiteFideId "16214846"]
[BlackFideId "30901774"]
[EventCountry "GER"]
[EventRounds "9"]
[EventType "swiss"]
[EventDate "2023.05.27"]

1. e4 {[%clk 01:30:58]} {[%emt 00:00:02]} c5 {[%clk 01:31:00]} {[%emt
00:00:01]} 2. Nf3 {[%clk 01:31:22]} {[%emt 00:00:05]} d6 {[%clk 01:31:27]}
{[%emt 00:00:02]} 3. d4 {[%clk 01:31:49]} {[%emt 00:00:03]} cxd4 {[%clk
01:31:53]} {[%emt 00:00:04]} 4. Nxd4 {[%clk 01:32:16]} {[%emt 00:00:03]} Nf6
{[%clk 01:32:18]} {[%emt 00:00:05]} 5. Nc3 {[%clk 01:32:41]} {[%emt 00:00:05]}
a6 {[%clk 01:32:44]} {[%emt 00:00:04]} 6. Be3 {[%clk 01:33:04]} {[%emt
00:00:06]} e5 {[%clk 01:33:11]} {[%emt 00:00:03]} 7. Nb3 {[%clk 01:33:31]}
{[%emt 00:00:03]} Be6 {[%clk 01:33:38]} {[%emt 00:00:03]} 8. f3 {[%clk
01:33:56]} {[%emt 00:00:05]} h5 {[%clk 01:34:06]} {[%emt 00:00:03]} 9. Qd2
{[%clk 01:34:22]} {[%emt 00:00:04]} Nbd7 {[%clk 01:34:32]} {[%emt 00:00:04]}
10. O-O-O {[%clk 01:34:42]} {[%emt 00:00:10]} Rc8 {[%clk 01:34:49]} {[%emt
00:00:13]} 11. Nd5 {[%clk 01:34:44]} {[%emt 00:00:28]} Nxd5 {[%clk 01:35:08]}
{[%emt 00:00:11]} 12. exd5 {[%clk 01:35:08]} {[%emt 00:00:07]} Bf5 {[%clk
01:35:36]} {[%emt 00:00:02]} 13. Bd3 {[%clk 01:35:33]} {[%emt 00:00:05]} Bxd3
{[%clk 01:36:01]} {[%emt 00:00:05]} 14. Qxd3 {[%clk 01:36:00]} {[%emt
00:00:03]} Be7 {[%clk 01:36:14]} {[%emt 00:00:16]} 15. Kb1 {[%clk 01:33:32]}
{[%emt 00:02:59]} Bg5 {[%clk 01:35:19]} {[%emt 00:01:24]} 16. Bf2 {[%clk
01:20:56]} {[%emt 00:13:06]} Qc7 {[%clk 01:33:13]} {[%emt 00:02:36]} 17. h4
{[%clk 01:19:05]} {[%emt 00:02:21]} Bh6 {[%clk 01:33:15]} {[%emt 00:00:27]} 18.
Rhg1 {[%clk 01:17:24]} {[%emt 00:02:11]} g6 {[%clk 01:31:28]} {[%emt 00:02:18]}
19. c3 {[%clk 01:15:14]} {[%emt 00:02:40]} Nb6 {[%clk 01:28:21]} {[%emt
00:03:37]} 20. Bxb6 {[%clk 01:13:02]} {[%emt 00:02:43]} Qxb6 {[%clk 01:28:49]}
{[%emt 00:00:02]} 21. g4 {[%clk 01:12:38]} {[%emt 00:00:53]} Bf4 {[%clk
01:27:51]} {[%emt 00:01:28]} 22. gxh5 {[%clk 01:11:00]} {[%emt 00:02:08]} gxh5
{[%clk 01:23:07]} {[%emt 00:05:14]} 23. Qf5 {[%clk 01:09:30]} {[%emt 00:02:00]}
Qd8 {[%clk 01:19:46]} {[%emt 00:03:51]} 24. Rg7 {[%clk 00:59:33]} {[%emt
00:10:27]} Rc7 {[%clk 01:17:34]} {[%emt 00:02:42]} 25. Rdg1 {[%clk 00:59:50]}
{[%emt 00:00:12]} Kf8 {[%clk 01:07:44]} {[%emt 00:10:21]} 26. c4 {[%clk
00:54:26]} {[%emt 00:05:55]} Be3 {[%clk 00:57:06]} {[%emt 00:11:08]} 27. R1g2
{[%clk 00:49:01]} {[%emt 00:05:55]} Qxh4 {[%clk 00:47:20]} {[%emt 00:10:16]}
28. c5 {[%clk 00:42:59]} {[%emt 00:06:31]} Bxc5 {[%clk 00:45:00]} {[%emt
00:02:51]} 29. Nxc5 {[%clk 00:43:17]} {[%emt 00:00:12]} Qe1+ {[%clk 00:45:23]}
{[%emt 00:00:07]} 30. Kc2 {[%clk 00:43:25]} {[%emt 00:00:23]} Rxc5+ {[%clk
00:45:51]} {[%emt 00:00:02]} 31. Kb3 {[%clk 00:43:12]} {[%emt 00:00:42]} Qd1+
{[%clk 00:45:48]} {[%emt 00:00:33]} 32. Ka3 {[%clk 00:43:06]} {[%emt 00:00:37]}
Ra5+ {[%clk 00:45:54]} {[%emt 00:00:23]} 33. Kb4 {[%clk 00:43:17]} {[%emt
00:00:19]} Ra4+ {[%clk 00:46:24]} 34. Kc3 {[%clk 00:43:45]} {[%emt 00:00:02]}
Qd4+ {[%clk 00:46:53]} {[%emt 00:00:01]} 35. Kc2 {[%clk 00:44:14]} {[%emt
00:00:01]} Rc4+ {[%clk 00:47:22]} 1-0